Quizzes
Events
Quiz Creation
Community
Videos
Private Events
Remove Ads
Sign In
Join for FREE
Feedback
Dark Mode
Quiz Categories
Sports
Geography
Music
Movies
Television
Just For Fun
Miscellaneous
History
Literature
Language
Science
Gaming
Entertainment
Religion
Holiday
For Kids
Quiz Lab
Recent
Popular Today
Quiz Kudos Today
Editor Picks
Curator Picks
Quizzes by...
Day
Popularity
Type
Ratings
Length
Year
Community
Subscriptions
Recent Discussions
Orange Saloon
Badges
Playlists
Quests
Create
Leaderboards
Showdown
Live 5
Trivia Bingo
Activity
Puzzle Library
Sporcle Events
Private Events
Virtual Trivia
Globe League
Become a Host
Pub Owners
SporcleCon
Opinionation
Our Games
Videos
Blog
Mobile Apps
Partnerships
Remove Ads and Go Orange
Feedback
Miscellaneous
Crossword
General Knowledge
Baby Names
Logo
Food
Cars
Numbers
Grab Bag
University
College
Popular
Company
Slogans
Restaurants
Justice
Letter
Miscellaneous
Crossword
General Knowledge
Baby Names
Logo
Food
Cars
Numbers
Grab Bag
University
College
Popular
Company
Slogans
Restaurants
Justice
Letter
Random Quiz
Search Sporcle
×
Quiz Lab
Quiz Lab
Miscellaneous
cactoid
Type in answers that appear in a list
Type in answers that appear in a list
Classic
Best Score? Go Orange.
General Skinner Trivia Stats
Can you name the random facts about skinner?
By
stephen_nicole
5m
16 Questions
3 Plays
3 Plays
3 Plays
Comments
Comments
Give Quiz Kudos
Give Quiz Kudos
-
- Ratings
hide this ad
Replay
Link that replays current quiz
Next Quiz
Link to next quiz in quiz playlist
You Got
0%
They Got
Avg Score
66%
Avg Friend Score
Upgrade to see
Score Distribution
Jump to the score distribution portion of the page
Score
0/16
Timer
05:00
0
Plays Today
1989-2010
Facts
% Correct
In what year did the Lord bless us with the Skinner?
1989
100%
What is the current Age of Skinner?
21
66.7%
Who is Paul Skinners biological father?
Pat Skinner
66.7%
What fabled town does Skinner hail from?
Villa Rica
66.7%
What is one of Paul Skinner's favorite college football teams?
Wofford
66.7%
What is his other favorite team?
Georgia
66.7%
Skinner's favorite flavor of dip?
Mint
66.7%
Favorite brand of dip?
Longhorn
66.7%
1989-2010
Facts
% Correct
What is Skinner's college major?
Psychology
66.7%
Who does Skinner always blame for his video game losses?
Team
66.7%
Who is Skinner's favorite RA?
Chris Daniels
66.7%
At what party did Paul single handedly cause a riot?
Rave
66.7%
If Skinner was in the Special Forces what would his call sign be?
Snake Blocker
66.7%
What would Skinner's dream job be?
Tobacco Farmer
66.7%
Who is the only man who can outfish Paul Skinner
Drew Carter
66.7%
Which character from Jacka** would Skinner be?
Dave England
33.3%
Quiz Playlist
Details
Report
Send in Message
Add To Playlist
Classic:
Type in answers that appear in a list
Last Updated: Feb 16, 2017
Quiz Scoreboard
CHALLENGE
Sign Up to Join the Scoreboard
Show All
Scores
Hide
Comments
May contain spoilers
Recently Published
NBA Finals Game Top Scorers (2010s)
by flibbidy
Sports
5m
Guess the 'R' Things in 3 Words
by MSUKent
Miscellaneous
3m
Actor to Badly Drawn Movie III
by MoMosMoProblems
Movies
5m
More to Explore
Quiz From the Vault
Featured Blog Post
Where Does Lost Luggage Go?
hide this ad
You Might Also Like...
Tags
cactoid
Extra
Today's Top Quizzes in Miscellaneous
Browse Miscellaneous
hide this ad
Top Contributed Quizzes in Miscellaneous
1
The JOE quick-fire general knowledge quiz: Day 166
2
The JOE quick-fire general knowledge quiz: Day 165
3
Guess the 'S' Things in 3 Words
4
Guess the 'T' Things in 3 Words
5
Guess the 'V' Things in 3 Words
6
Guess the 'W' Things in 3 Words
7
Guess the 'Y' Things in 3 Words
8
Sporcle Acrostic Puzzle XXXV
9
The JOE quick-fire general knowledge quiz: Day 164
10
Sunday Crossword: Under the Bridge
Explore More
Trending Topics
Kpop
Anime
Marvel
Disney
Crossword
NBA
Harry Potter
Pokémon
Puzzle
Soccer
Song
Country
The Office
NFL
WWE
hide this ad
More By:
stephen_nicole
Quiz
Plays
Rating
Category
Featured
Created
General Skinner Trivia
3
Miscellaneous
Oct 15, 2010
General Smallwood Trivia
3
Miscellaneous
Nov 4, 2010
General Spivey Trivia
2
Miscellaneous
Nov 4, 2010
Go to Creator's Profile
Score Distribution
Quiz Creator Spotlight
stephen_nicole
Follow
Send a Message
Quizzes Created
-
Created Quiz Play Count
-
More By This Creator
Popular Quizzes Today
1
Find the US States - No Outlines Minefield
2
Find the US States
3
The Countries of the World
4
10 Largest US States in Order
5
Find the Countries of Europe - No Outlines Minefield
6
US States
7
Guess the 'R' Things in 3 Words
8
NBA Finals Game Top Scorers (2010s)
More Miscellaneous Quizzes
Mythology in Media: Kitsune
Quiz Lab
Trending Quizzes
First Name TV: Leading Men
Match the Book to the Film II
3-Word Movies in 1 Word II
First Name TV: Leading Women Drama
Match the Book to the Film VI
Recently Updated
Women's Final Four Teams by Year
bhenderson79
Presidents Quartet II
eogle
Anything But Clue(do)
eogle
Anything But Oceanian Capitals
eogle
Anything But 7
eogle
Anything But Thing
eogle
Word Ladder: February 29
pecheneg
Song Title Questions
pecheneg
Women's NCAA Tournament #1 Seeds
pecheneg
Celebrity Mug Shots
pecheneg
Trending Topics
Crossword
Marvel
Harry Potter
NBA
Anime
Disney
Kpop
NFL
The Office
Pokémon
Puzzle
WWE
Country
Soccer
Song
Your Account Isn't Verified!
In order to create a playlist on Sporcle, you need to verify the email address you used during registration. Go to your
Sporcle Settings
to finish the process.
Report this User
Report this user for behavior that violates our
Community Guidelines
.
Details:
Send Report
Go to the Sporcle.com Mobile Site →
Comments